[Event "16. Copenhagen Open"]
[Site "Copenhagen"]
[Date "1994.??.??"]
[Round "6"]
[White "Mortensen, Henrik"]
[Black "Schreiber, Edwin"]
[Result "0-1"]
[WhiteElo "2150"]
[BlackElo "2025"]
[PlyCount "102"]
[EventDate "1994.??.??"]
[EventType "swiss"]
[EventRounds "10"]
[EventCountry "DEN"]
[SourceDate "2004.01.01"]

1. e4 c5 2. Nf3 Nc6 3. d4 cxd4 4. Nxd4 Nf6 5. Nc3 e5 6. Ndb5 d6 7. Bg5 a6 8.
Na3 b5 9. Nd5 Qa5+ 10. Bd2 Qd8 11. Bg5 Be7 12. Bxf6 Bxf6 13. c3 Bg5 14. Nc2 O-O
15. a4 Rb8 16. axb5 axb5 17. h4 Bh6 18. g4 Bf4 19. g5 Ne7 20. Ncb4 Bb7 21. Rg1
Nxd5 22. Nxd5 Bxd5 23. Qxd5 Qb6 24. g6 Qc5 25. gxh7+ Kxh7 26. Qd1 Ra8 27. Qh5+
Kg8 28. Rd1 Ra2 29. Qg4 Bh6 30. Qe2 b4 31. Qc4 Rxb2 32. Qxc5 dxc5 33. cxb4 Rxb4
34. f3 c4 35. Rg2 c3 36. Rc2 Bd2+ 37. Ke2 f5 38. Bg2 fxe4 39. fxe4 Rf4 40. h5
Rd4 41. Bf3 Rh4 42. Rh1 Rxh1 43. Bxh1 Kh7 44. Ra2 Rd6 45. Bf3 Kh6 46. Rc2 Kg5
47. Ra2 Kf4 48. Rc2 Ra6 49. Kf2 Ra1 50. Bg2 Rb1 51. Bf3 Be3+ 0-1

[Event "16. Copenhagen Open"]
[Site "Copenhagen"]
[Date "1994.??.??"]
[Round "6"]
[White "Neverov, Valery"]
[Black "Hector, Jonny"]
[Result "1/2-1/2"]
[WhiteElo "2530"]
[BlackElo "2515"]
[PlyCount "75"]
[EventDate "1994.??.??"]
[EventType "swiss"]
[EventRounds "10"]
[EventCountry "DEN"]
[SourceDate "2004.01.01"]

1. d4 d5 2. c4 c6 3. Nc3 Nf6 4. e3 Nbd7 5. Nf3 e6 6. Qc2 Bd6 7. b3 e5 8. cxd5
Nxd5 9. Nxd5 cxd5 10. dxe5 Nxe5 11. Bb2 Nxf3+ 12. gxf3 Bb4+ 13. Kd1 O-O 14. Rg1
g6 15. Bd3 f5 16. Rc1 Be6 17. Qc7 Qxc7 18. Rxc7 Rf7 19. Rc2 Be7 20. Kd2 Bh4 21.
Ke2 Re8 22. f4 Bf6 23. Bxf6 Rxf6 24. Rc7 Rf7 25. Rgc1 Ree7 26. Rxe7 Rxe7 27.
Kd2 Kf7 28. Rc5 Re8 29. Rc7+ Re7 30. Rc2 d4 31. exd4 Rd7 32. Ke3 Re7 33. Kd2
Rd7 34. Kc3 Rc7+ 35. Kb2 Rd7 36. Kc3 Rc7+ 37. Kb2 Rd7 38. Kc3 1/2-1/2

[Event "16. Copenhagen Open"]
[Site "Copenhagen"]
[Date "1994.??.??"]
[Round "6"]
[White "Nielsen, Lars Aaes"]
[Black "Nordenbaek, Jan"]
[Result "0-1"]
[WhiteElo "2220"]
[BlackElo "2160"]
[PlyCount "104"]
[EventDate "1994.??.??"]
[EventType "swiss"]
[EventRounds "10"]
[EventCountry "DEN"]
[SourceDate "2004.01.01"]

1. e4 e5 2. Nc3 Nc6 3. Bc4 Nf6 4. d3 Bc5 5. f4 a6 6. Nf3 d6 7. fxe5 Nxe5 8.
Nxe5 dxe5 9. Bg5 h6 10. Bxf6 Qxf6 11. Rf1 Qh4+ 12. g3 Qxh2 13. Qf3 O-O 14.
Bxf7+ Kh7 15. O-O-O Qh3 16. Qh5 Qxh5 17. Bxh5 Bh3 18. Rh1 Bg2 19. Rh2 Bf3 20.
Bxf3 Rxf3 21. Rh5 Be3+ 22. Kb1 Bg5 23. Nd5 Kg6 24. Rh3 Rc8 25. b4 c6 26. Nb6
Rc7 27. Nc4 Kf6 28. d4 exd4 29. Rxd4 c5 30. Rd6+ Ke7 31. Rg6 Kf8 32. Ne5 Rf1+
33. Kb2 Bf6 34. Rxf6+ gxf6 35. Nd3 cxb4 36. Rxh6 a5 37. Nf4 Rc6 38. Rh8+ Kg7
39. Rb8 Rf2 40. Rxb7+ Kh6 41. Nd3 Rcxc2+ 42. Kb1 Rh2 43. Nc1 Rb2+ 44. Ka1 a4
45. Rb6 Kg5 46. Rb8 Kg4 47. e5 fxe5 48. Nd3 Rxa2+ 49. Kb1 b3 50. Rb4+ Kg5 51.
Rb5 Rh1+ 52. Nc1 Rc2 0-1

[Event "16. Copenhagen Open"]
[Site "Copenhagen"]
[Date "1994.??.??"]
[Round "6"]
[White "Nielsen, Soren Holst"]
[Black "Sylvan, Jacob"]
[Result "1-0"]
[WhiteElo "2225"]
[BlackElo "2185"]
[PlyCount "73"]
[EventDate "1994.??.??"]
[EventType "swiss"]
[EventRounds "10"]
[EventCountry "DEN"]
[SourceDate "2004.01.01"]

1. e4 e5 2. Nc3 Nf6 3. g3 Bc5 4. Bg2 d6 5. Nge2 Nc6 6. Na4 Bg4 7. h3 Be6 8. f4
Bb6 9. Nxb6 axb6 10. O-O O-O 11. Nc3 d5 12. f5 Bc8 13. exd5 Ne7 14. g4 Nfxd5
15. Nxd5 Nxd5 16. d4 exd4 17. Qxd4 Ne7 18. Qxd8 Rxd8 19. Bf4 Bd7 20. Bxc7 Re8
21. Bxb6 Bc6 22. Bxc6 Nxc6 23. c3 f6 24. a3 Ne5 25. b3 Ra6 26. Bd4 Nc6 27. Bc5
b6 28. Bb4 Ne5 29. Rad1 Nc6 30. Rfe1 Ne5 31. Kg2 Kf7 32. a4 Raa8 33. c4 h5 34.
Kg3 Rac8 35. Bd2 Nc6 36. Bf4 Rcd8 37. Bc7 1-0

[Event "16. Copenhagen Open"]
[Site "Copenhagen"]
[Date "1994.??.??"]
[Round "6"]
[White "Nilsson, Nils Specht"]
[Black "Jensen, Soren"]
[Result "1-0"]
[WhiteElo "2260"]
[BlackElo "1990"]
[PlyCount "69"]
[EventDate "1994.??.??"]
[EventType "swiss"]
[EventRounds "10"]
[EventCountry "DEN"]
[SourceDate "2004.01.01"]

1. e4 c6 2. Nc3 d5 3. Nf3 Bg4 4. h3 Bxf3 5. Qxf3 Nf6 6. e5 Nfd7 7. d4 e6 8. a3
Qb6 9. Qf4 c5 10. dxc5 Nxc5 11. b4 Ncd7 12. Be3 Qc7 13. Nb5 Qc8 14. c4 a6 15.
cxd5 axb5 16. Rc1 Qd8 17. dxe6 fxe6 18. Bxb5 Nc6 19. O-O Be7 20. Bxc6 bxc6 21.
Rxc6 g5 22. Qg4 Nxe5 23. Qh5+ Ng6 24. Rd1 Qb8 25. Rxe6 Kf7 26. Rxe7+ Kxe7 27.
Bd4 Ra6 28. Qxg5+ Kf7 29. Qf5+ Kg8 30. Qd5+ Kf8 31. Qc5+ Ke8 32. Re1+ Kd7 33.
Bxh8 Qxh8 34. Qb5+ Rc6 35. Qb7+ 1-0

[Event "16. Copenhagen Open"]
[Site "Copenhagen"]
[Date "1994.??.??"]
[Round "6"]
[White "Pedersen, Bjarne"]
[Black "Holst, Allan"]
[Result "0-1"]
[WhiteElo "2250"]
[BlackElo "2340"]
[PlyCount "68"]
[EventDate "1994.??.??"]
[EventType "swiss"]
[EventRounds "10"]
[EventCountry "DEN"]
[SourceDate "2004.01.01"]

1. d4 Nf6 2. c4 c5 3. d5 b5 4. cxb5 a6 5. f3 axb5 6. e4 Qa5+ 7. Bd2 b4 8. Na3
d6 9. Nc4 Qd8 10. Bd3 e6 11. dxe6 Bxe6 12. Ne2 d5 13. exd5 Nxd5 14. O-O Be7 15.
Qc2 Nd7 16. Nf4 Nxf4 17. Bxf4 Nb6 18. Nxb6 Qxb6 19. Be4 c4+ 20. Kh1 Ra5 21. Qf2
Qxf2 22. Rxf2 O-O 23. Bc7 Ra7 24. Bb6 Ra6 25. Bd4 Rd8 26. Be3 Rxa2 27. Rb1 f5
28. Bc2 Bf6 29. h3 Rxb2 30. Rxb2 Bxb2 31. Bxf5 Rd1+ 32. Kh2 Bxf5 33. Rxb2 b3
34. Bd2 Bc2 0-1

[Event "16. Copenhagen Open"]
[Site "Copenhagen"]
[Date "1994.??.??"]
[Round "6"]
[White "Petersen, Nils"]
[Black "Alkaersig, Ole"]
[Result "1-0"]
[WhiteElo "2005"]
[BlackElo "2190"]
[PlyCount "89"]
[EventDate "1994.??.??"]
[EventType "swiss"]
[EventRounds "10"]
[EventCountry "DEN"]
[SourceDate "2004.01.01"]

1. Nf3 d6 2. d4 Bg4 3. e3 Nf6 4. Be2 e6 5. O-O Be7 6. c4 c6 7. Nc3 Nbd7 8. e4
Qc7 9. Be3 O-O 10. h3 Bh5 11. d5 exd5 12. exd5 Rfe8 13. Qd2 Nc5 14. dxc6 bxc6
15. Bxc5 dxc5 16. Nh4 Rad8 17. Qc2 Bxe2 18. Nxe2 g6 19. g3 Qd7 20. Kg2 Qd2 21.
Rac1 Bf8 22. Ng1 Ne4 23. Nhf3 Qxc2 24. Rxc2 Bg7 25. Re1 f5 26. Nd2 Nxd2 27.
Rxe8+ Rxe8 28. Rxd2 Bd4 29. Nf3 Re4 30. b3 Kg7 31. Kf1 Kf6 32. Re2 g5 33. Nd2
Rxe2 34. Kxe2 h5 35. f3 Ke5 36. Nf1 h4 37. f4+ gxf4 38. gxh4 Kf6 39. Kf3 Kg6
40. Kxf4 Kh5 41. Ng3+ Kxh4 42. Nxf5+ Kxh3 43. Nxd4 cxd4 44. Ke4 c5 45. b4 1-0

[Event "16. Copenhagen Open"]
[Site "Copenhagen"]
[Date "1994.??.??"]
[Round "6"]
[White "Preuss, Flemming"]
[Black "Andersen, Ole Bo"]
[Result "1-0"]
[WhiteElo "2020"]
[BlackElo "2225"]
[PlyCount "91"]
[EventDate "1994.??.??"]
[EventType "swiss"]
[EventRounds "10"]
[EventCountry "DEN"]
[SourceDate "2004.01.01"]

1. f4 e5 2. fxe5 d6 3. exd6 Bxd6 4. Nf3 g5 5. g3 g4 6. Nh4 Ne7 7. d4 Ng6 8. Ng2
Nc6 9. c3 h5 10. e4 h4 11. e5 Be7 12. Rg1 hxg3 13. hxg3 Rh2 14. Be3 Bf5 15. Bd3
Bxd3 16. Qxd3 Ngxe5 17. Qf5 Nf3+ 18. Kf2 Nxg1 19. Kxg1 Rh8 20. Qxg4 Qd7 21.
Qxd7+ Kxd7 22. Nd2 Rag8 23. Kf2 Bd6 24. Ne4 Rg7 25. Nxd6 Kxd6 26. Bf4+ Kd5 27.
Bxc7 f6 28. Bf4 Rgh7 29. Kf3 Kc4 30. Ne3+ Kb5 31. a4+ Ka6 32. b4 b5 33. axb5+
Kxb5 34. Bd6 Rh1 35. Ra3 Rc1 36. Ke4 Rd8 37. Kd5 a6 38. c4+ Rxc4 39. Nxc4 Nxb4+
40. Ke6 Kxc4 41. Ra4 a5 42. Rxa5 Nc2 43. Rc5+ Kd3 44. Rxc2 Kxc2 45. d5 Kd3 46.
Bf4 1-0

[Event "16. Copenhagen Open"]
[Site "Copenhagen"]
[Date "1994.??.??"]
[Round "6"]
[White "Sinkbk, Aage"]
[Black "Kaspersen, Morten"]
[Result "1/2-1/2"]
[WhiteElo "2220"]
[BlackElo "2220"]
[PlyCount "79"]
[EventDate "1994.??.??"]
[EventType "swiss"]
[EventRounds "10"]
[EventCountry "DEN"]
[SourceDate "2004.01.01"]

1. d4 d6 2. Nf3 Bg4 3. e4 Nf6 4. Nc3 e6 5. Be2 Be7 6. Be3 c6 7. h3 Bh5 8. Qd2
Nbd7 9. Bf4 O-O 10. O-O Bg6 11. e5 dxe5 12. Nxe5 Nxe5 13. Bxe5 Bb4 14. Bd3 Nd5
15. Bxg6 hxg6 16. a3 Bxc3 17. bxc3 Qa5 18. Rfb1 b6 19. Rb3 Rfd8 20. Qd3 Rac8
21. c4 Ne7 22. Qe4 Qd2 23. Rf3 Nf5 24. c3 Qb2 25. Re1 Qxa3 26. g4 Nh4 27. Rfe3
g5 28. f4 gxf4 29. Bxf4 Qe7 30. Rf1 Ng6 31. Bg3 Qg5 32. h4 Nxh4 33. Bxh4 Qxh4
34. Rxf7 Rf8 35. Rff3 Rxf3 36. Rxf3 Qe7 37. Rh3 Kf7 38. Rf3+ Kg8 39. Rh3 Kf7
40. Rf3+ 1/2-1/2

[Event "16. Copenhagen Open"]
[Site "Copenhagen"]
[Date "1994.??.??"]
[Round "6"]
[White "Stefansson, Hannes"]
[Black "Schandorff, Lars"]
[Result "1/2-1/2"]
[WhiteElo "2525"]
[BlackElo "2430"]
[PlyCount "108"]
[EventDate "1994.??.??"]
[EventType "swiss"]
[EventRounds "10"]
[EventCountry "DEN"]
[SourceDate "2004.01.01"]

1. e4 c5 2. Nf3 Nc6 3. d4 cxd4 4. Nxd4 Nf6 5. Nc3 e5 6. Ndb5 d6 7. Bg5 a6 8.
Na3 b5 9. Nd5 Be7 10. Bxf6 Bxf6 11. Nb1 Rb8 12. Nd2 Bg5 13. Bd3 Ne7 14. Nxe7
Qxe7 15. O-O O-O 16. Qe2 g6 17. a4 bxa4 18. Rfb1 Bd7 19. Bxa6 f5 20. Bc4+ Kh8
21. Bd5 Rfc8 22. Qd3 Rb4 23. c3 Rbb8 24. h3 Bh6 25. b4 axb3 26. Ra7 Bb5 27.
Rxe7 Bxd3 28. Ra1 Bg5 29. Rf7 Rf8 30. Rxf8+ Rxf8 31. Nxb3 Bxe4 32. Bxe4 fxe4
33. Re1 Rb8 34. Na5 Bd2 35. Rd1 e3 36. fxe3 Bxe3+ 37. Kf1 Bc5 38. Nc4 Rf8+ 39.
Ke1 Rf6 40. Rd2 Kg7 41. Na5 Kf7 42. Nb7 Ke6 43. Nxc5+ dxc5 44. Ke2 Rf8 45. Ra2
Kd5 46. Ra7 h5 47. Ra6 g5 48. Rg6 Rf5 49. g4 hxg4 50. hxg4 Rf8 51. Rxg5 Ke4 52.
Rg7 Ra8 53. g5 Ra2+ 54. Kf1 Ra3 1/2-1/2

[Event "16. Copenhagen Open"]
[Site "Copenhagen"]
[Date "1994.??.??"]
[Round "6"]
[White "Stojanovski, Sandi"]
[Black "Ksieski, Zbigniew"]
[Result "1/2-1/2"]
[WhiteElo "2260"]
[BlackElo "2355"]
[PlyCount "87"]
[EventDate "1994.??.??"]
[EventType "swiss"]
[EventRounds "10"]
[EventCountry "DEN"]
[SourceDate "2004.01.01"]

1. Nf3 c5 2. c4 Nc6 3. e3 e5 4. d3 g6 5. Nc3 Bg7 6. a3 Nge7 7. Be2 O-O 8. O-O
h6 9. Rb1 f5 10. Bd2 a5 11. Ne1 Kh7 12. Nc2 d5 13. cxd5 Nxd5 14. Nxd5 Qxd5 15.
b4 axb4 16. axb4 e4 17. dxe4 fxe4 18. bxc5 Rd8 19. Nd4 Nxd4 20. exd4 Bxd4 21.
Qc1 Qxc5 22. Bxh6 Ra2 23. Qc4 Rxe2 24. Qxe2 Kxh6 25. Qxe4 Rf8 26. Qh4+ Kg7 27.
Rbc1 Rxf2 28. Rxc5 Rf4+ 29. Rf2 Rxh4 30. Rxc8 Rf4 31. Rcc2 Kf6 32. Kf1 Rxf2+
33. Rxf2+ Bxf2 34. Kxf2 Kg5 35. Kg3 b5 36. Kf3 b4 37. Ke3 b3 38. Kd3 b2 39. Kc2
Kf4 40. Kxb2 Ke3 41. Kc3 g5 42. g4 Kf4 43. Kd4 Kxg4 44. Ke4 1/2-1/2

[Event "16. Copenhagen Open"]
[Site "Copenhagen"]
[Date "1994.??.??"]
[Round "6"]
[White "Strange, Mikkel"]
[Black "Fant, Goran"]
[Result "0-1"]
[WhiteElo "2155"]
[BlackElo "2010"]
[PlyCount "60"]
[EventDate "1994.??.??"]
[EventType "swiss"]
[EventRounds "10"]
[EventCountry "DEN"]
[SourceDate "2004.01.01"]

1. e4 e6 2. d4 d5 3. Nc3 Bb4 4. e5 c5 5. a3 Ba5 6. b4 cxd4 7. Qxd4 Bb6 8. Qg4
Ne7 9. Qxg7 Rg8 10. Qxh7 Qc7 11. Qd3 Qxe5+ 12. Be3 Nbc6 13. Nf3 Qf6 14. Rd1 Ne5
15. Nxe5 Qxe5 16. h4 Bd7 17. Ne2 Rg4 18. Bxb6 axb6 19. h5 Nf5 20. g3 Rc8 21. h6
Ke7 22. f4 Qf6 23. h7 Qh8 24. Bh3 Qxh7 25. Nd4 Rxf4 26. gxf4 Qh4+ 27. Kf1 Ng3+
28. Kg2 Rg8 29. Rhg1 Ne4+ 30. Kh2 Qxf4+ 0-1

[Event "16. Copenhagen Open"]
[Site "Copenhagen"]
[Date "1994.??.??"]
[Round "6"]
[White "Sobjerg, Erik"]
[Black "Hutters, Tomas"]
[Result "1-0"]
[WhiteElo "2265"]
[BlackElo "2420"]
[PlyCount "47"]
[EventDate "1994.??.??"]
[EventType "swiss"]
[EventRounds "10"]
[EventCountry "DEN"]
[SourceDate "2004.01.01"]

1. e4 c5 2. Nf3 d6 3. d4 cxd4 4. Nxd4 Nf6 5. Nc3 e6 6. Be3 a6 7. Qf3 Nbd7 8.
Be2 h5 9. O-O-O Qc7 10. Rhe1 Rb8 11. Bg5 Be7 12. Qg3 Nc5 13. Bd3 b5 14. Bxf6
Bxf6 15. Bxb5+ axb5 16. Ndxb5 Qa5 17. Nxd6+ Kf8 18. e5 Be7 19. Qf4 f5 20. exf6
Bxf6 21. Nc4 Qb4 22. a3 e5 23. Rxe5 Ne6 24. Rxe6 1-0

[Event "16. Copenhagen Open"]
[Site "Copenhagen"]
[Date "1994.??.??"]
[Round "6"]
[White "Sorensen, Henrik"]
[Black "Antreasyan, Erol"]
[Result "1/2-1/2"]
[WhiteElo "2245"]
[BlackElo "1900"]
[PlyCount "66"]
[EventDate "1994.??.??"]
[EventType "swiss"]
[EventRounds "10"]
[EventCountry "DEN"]
[SourceDate "2004.01.01"]

1. d4 d5 2. Bf4 Nf6 3. e3 Bf5 4. Bd3 Bxd3 5. Qxd3 c6 6. Nd2 e6 7. Bg3 Be7 8. f4
g6 9. Ngf3 Na6 10. c3 Nc7 11. O-O O-O 12. h3 Nce8 13. e4 dxe4 14. Nxe4 Nxe4 15.
Qxe4 Nd6 16. Qe2 Qa5 17. Ne5 Qd5 18. Rfe1 Nf5 19. Bf2 Bh4 20. Bxh4 Nxh4 21.
Rad1 Nf5 22. c4 Qd6 23. Qe4 Rad8 24. Nf3 Rfe8 25. Qe5 Rd7 26. g4 Ng7 27. Qxd6
Rxd6 28. Rd2 Red8 29. Red1 Ne8 30. Kf2 Kf8 31. Ke3 Ke7 32. Ng5 Nf6 33. Rd3 h5
1/2-1/2

[Event "16. Copenhagen Open"]
[Site "Copenhagen"]
[Date "1994.??.??"]
[Round "6"]
[White "Varberg, Kenneth"]
[Black "Hansen, Henrik Michael"]
[Result "1-0"]
[WhiteElo "2260"]
[BlackElo "2060"]
[PlyCount "89"]
[EventDate "1994.??.??"]
[EventType "swiss"]
[EventRounds "10"]
[EventCountry "DEN"]
[SourceDate "2004.01.01"]

1. c4 f5 2. Nc3 Nf6 3. g3 g6 4. Bg2 Bg7 5. d3 d6 6. e4 Nc6 7. Nge2 O-O 8. O-O
e5 9. Rb1 h6 10. Nd5 Nxd5 11. exd5 Nd4 12. Nxd4 exd4 13. b4 g5 14. f4 g4 15.
Bd2 Bd7 16. b5 b6 17. a4 a5 18. Qc2 Qf6 19. Rbe1 Rfe8 20. Qd1 Kf8 21. Rf2 Rxe1+
22. Qxe1 Re8 23. Re2 Rxe2 24. Qxe2 Qe7 25. Qf2 Bf6 26. Bf1 h5 27. h3 Kg8 28.
Be2 Qg7 29. Kf1 Qe7 30. Qe1 Be8 31. hxg4 hxg4 32. Bxa5 bxa5 33. Qxa5 Qh7 34.
Kg1 Qh3 35. Qe1 Bd7 36. a5 Qh7 37. Bd1 Qe7 38. Qxe7 Bxe7 39. a6 Bc8 40. Ba4 Bd8
41. a7 Bb7 42. b6 c5 43. dxc6 Bxb6 44. cxb7 Bxa7 45. Bd7 1-0

[Event "16. Copenhagen Open"]
[Site "Copenhagen"]
[Date "1994.??.??"]
[Round "7"]
[White "Aagaard, Jacob"]
[Black "Backlund, Anders"]
[Result "0-1"]
[WhiteElo "2260"]
[BlackElo "2130"]
[PlyCount "74"]
[EventDate "1994.??.??"]
[EventType "swiss"]
[EventRounds "10"]
[EventCountry "DEN"]
[SourceDate "2004.01.01"]

1. d4 Nf6 2. c4 g6 3. Nc3 Bg7 4. Bg5 d6 5. e3 O-O 6. Nf3 Nbd7 7. Qc2 c5 8. Be2
a6 9. O-O b6 10. Rfd1 Bb7 11. h3 Rc8 12. d5 Rb8 13. a4 Qc7 14. Bf4 h6 15. Rd2
Ne8 16. Bh2 Bc8 17. Rad1 f5 18. Nh4 Kh7 19. f4 Bf6 20. Nxg6 Kxg6 21. Qxf5+ Kg7
22. Bd3 Rf7 23. Qg6+ Kf8 24. Bf5 Bxc3 25. Be6 Rg7 26. Qxh6 Ndf6 27. Qh8+ Ng8
28. bxc3 Bxe6 29. dxe6 Nef6 30. Qh4 Qc6 31. f5 Qe4 32. Qf2 Rd8 33. Rb2 Qxc4 34.
Rxb6 Ne4 35. Qf3 Ngf6 36. Rdb1 Nd2 37. Rb8 Nxf3+ 0-1

[Event "16. Copenhagen Open"]
[Site "Copenhagen"]
[Date "1994.??.??"]
[Round "7"]
[White "Alkaersig, Ole"]
[Black "Preuss, Flemming"]
[Result "0-1"]
[WhiteElo "2190"]
[BlackElo "2020"]
[PlyCount "38"]
[EventDate "1994.??.??"]
[EventType "swiss"]
[EventRounds "10"]
[EventCountry "DEN"]
[SourceDate "2004.01.01"]

1. e4 c5 2. Nc3 e6 3. g3 Nc6 4. Bg2 Nf6 5. d3 d5 6. exd5 Nxd5 7. Nge2 Be7 8.
Nxd5 exd5 9. Nf4 d4 10. O-O O-O 11. Re1 Bf5 12. Bd2 Qd7 13. h3 h6 14. Qh5 Bg5
15. Re2 Rae8 16. Rae1 Rxe2 17. Rxe2 c4 18. Be4 Ne5 19. Nd5 Bg6 0-1

[Event "16. Copenhagen Open"]
[Site "Copenhagen"]
[Date "1994.??.??"]
[Round "7"]
[White "Andersen, Martin"]
[Black "Sinkbk, Aage"]
[Result "1/2-1/2"]
[WhiteElo "2030"]
[BlackElo "2220"]
[PlyCount "126"]
[EventDate "1994.??.??"]
[EventType "swiss"]
[EventRounds "10"]
[EventCountry "DEN"]
[SourceDate "2004.01.01"]

1. e4 d5 2. exd5 Qxd5 3. Nc3 Qa5 4. d4 Nf6 5. Nf3 Bf5 6. Bc4 c6 7. Ne5 e6 8.
O-O Bb4 9. Ne2 Nbd7 10. Nxd7 Nxd7 11. Ng3 Bg6 12. Bf4 Nf6 13. Be5 Be7 14. c3
O-O 15. Qf3 Nd7 16. Bf4 e5 17. Be3 exd4 18. cxd4 Nb6 19. Bb3 Rad8 20. Rad1 Nd5
21. Bd2 Qc7 22. Rfe1 Bf6 23. Bc3 Qd7 24. Ne4 Bxe4 25. Rxe4 Rfe8 26. Bxd5 Qxd5
27. Rxe8+ Rxe8 28. Qxd5 cxd5 29. Kf1 h6 30. Re1 Re6 31. f4 g6 32. Kf2 Rxe1 33.
Kxe1 Be7 34. a4 Kg7 35. Ke2 Kf6 36. Kf3 Ke6 37. Bd2 f5 38. Ke2 Bd6 39. Kf3 Kf6
40. Bc3 g5 41. fxg5+ hxg5 42. h3 Kg6 43. Bd2 Bc7 44. Bb4 Bf4 45. Bc5 b6 46. Bb4
Bc1 47. Bc3 a6 48. b3 Kh5 49. Be1 g4+ 50. hxg4+ fxg4+ 51. Ke2 Kg5 52. Kd3 Kf4
53. Bf2 Ba3 54. Bh4 Bb4 55. Bf2 Bd6 56. Be1 b5 57. axb5 axb5 58. Bh4 Ba3 59.
Be1 Bb2 60. Bf2 Bc1 61. Be1 Ba3 62. Bh4 Bb4 63. Bf2 Be7 1/2-1/2

[Event "16. Copenhagen Open"]
[Site "Copenhagen"]
[Date "1994.??.??"]
[Round "7"]
[White "Andersen, Ole Bo"]
[Black "Costello, Colin"]
[Result "1-0"]
[WhiteElo "2225"]
[BlackElo "2160"]
[PlyCount "111"]
[EventDate "1994.??.??"]
[EventType "swiss"]
[EventRounds "10"]
[EventCountry "DEN"]
[SourceDate "2004.01.01"]

1. d4 d5 2. c4 e6 3. Nc3 Nf6 4. cxd5 exd5 5. Bg5 Be7 6. e3 O-O 7. Bd3 Nbd7 8.
Nf3 Re8 9. Qc2 Nf8 10. O-O c6 11. h3 Ne4 12. Bxe7 Qxe7 13. Bxe4 dxe4 14. Nd2
Bf5 15. Ne2 Rad8 16. Ng3 Bg6 17. Rac1 Ne6 18. Nb3 Rd5 19. Nc5 f5 20. Nxe6 Qxe6
21. Ne2 Rd7 22. Qa4 Bf7 23. b3 a6 24. Rc5 Qf6 25. Qa5 g6 26. Rfc1 Qd8 27. Qb4
Qf6 28. Qa5 Qd8 29. Qxd8 Rexd8 30. Nc3 Kf8 31. Na4 Rd5 32. Nb6 Rxc5 33. Rxc5
Ke7 34. Kh2 Kd6 35. Re5 Re8 36. Nc4+ Kc7 37. Kg3 b5 38. Rxe8 Bxe8 39. Nd2 Kd6
40. Kf4 Ke6 41. Kg5 Kf7 42. g4 Bd7 43. b4 Kg7 44. gxf5 h6+ 45. Kf4 gxf5 46. Nb3
Be6 47. Ke5 Kf7 48. Nc5 Bxa2 49. Kxf5 Ke7 50. Nxa6 Be6+ 51. Kxe4 Bxh3 52. Kf4
Kf6 53. Nb8 Bg2 54. f3 Ke6 55. Nxc6 Kd5 56. Ne5 1-0

[Event "16. Copenhagen Open"]
[Site "Copenhagen"]
[Date "1994.??.??"]
[Round "7"]
[White "Auchenberg, Per"]
[Black "Petersen, Sren Boeck"]
[Result "0-1"]
[WhiteElo "2160"]
[BlackElo "2235"]
[PlyCount "73"]
[EventDate "1994.??.??"]
[EventType "swiss"]
[EventRounds "10"]
[EventCountry "DEN"]
[SourceDate "2004.01.01"]

1. d4 d5 2. c4 e6 3. Nc3 c6 4. cxd5 exd5 5. Qc2 Bd6 6. Nf3 f5 7. Bg5 Nf6 8. e3
O-O 9. Bd3 Qd7 10. Bxf6 Rxf6 11. g4 fxg4 12. Bxh7+ Kf8 13. Ne5 Qe6 14. O-O-O
Na6 15. Ng6+ Ke8 16. a3 Qf5 17. e4 Qg5+ 18. Kb1 Rxg6 19. Bxg6+ Qxg6 20. Rhe1
Kf8 21. Ka1 dxe4 22. Qb3 Qf7 23. Qc2 Be6 24. Qxe4 Bb3 25. Rc1 Bf4 26. Rb1 Bd2
27. Qh7 Bxe1 28. Rxe1 Re8 29. Qh8+ Qg8 30. Rxe8+ Kxe8 31. Qh5+ g6 32. Qxg4 Qe6
33. Qg1 Nc7 34. Nb1 Nb5 35. f3 Bc2 36. Nd2 Qe2 37. Qxg6+ 0-1

[Event "16. Copenhagen Open"]
[Site "Copenhagen"]
[Date "1994.??.??"]
[Round "7"]
[White "Borge, Nikolaj"]
[Black "Arkell, Keith"]
[Result "0-1"]
[WhiteElo "2400"]
[BlackElo "2500"]
[PlyCount "90"]
[EventDate "1994.??.??"]
[EventType "swiss"]
[EventRounds "10"]
[EventCountry "DEN"]
[SourceDate "2004.01.01"]

1. e4 c6 2. d4 d5 3. e5 c5 4. dxc5 Nc6 5. Bb5 e6 6. Be3 Nge7 7. c3 Bd7 8. Bxc6
Bxc6 9. Nf3 Nf5 10. Qd2 Nxe3 11. Qxe3 a5 12. Nbd2 a4 13. O-O Ra5 14. Nd4 Bxc5
15. b4 axb3 16. N2xb3 Bxd4 17. Nxd4 O-O 18. f4 Bd7 19. Qh3 Qc7 20. Rfb1 Rfa8
21. Rb2 Ra3 22. Qe3 b5 23. Rb3 Qc5 24. Qf2 h6 25. Rxa3 Rxa3 26. Nb3 Qc4 27. Rc1
Ra4 28. g3 Ra8 29. Rc2 Rc8 30. Nd4 Qa4 31. Nb3 Rc4 32. Qd2 Qa7+ 33. Kf1 Bc6 34.
Rc1 Bb7 35. Qe2 Ba6 36. Qf2 Qc7 37. Qe3 Qc8 38. Nd4 Qc5 39. Qd2 Bb7 40. Ne2 Ba6
41. Rb1 b4 42. cxb4 Rc2 43. bxc5 Rxd2 44. Re1 d4 45. c6 Rc2 0-1

[Event "16. Copenhagen Open"]
[Site "Copenhagen"]
[Date "1994.??.??"]
[Round "7"]
[White "Fant, Goran"]
[Black "Holstein, Erik"]
[Result "0-1"]
[WhiteElo "2010"]
[BlackElo "2130"]
[PlyCount "120"]
[EventDate "1994.??.??"]
[EventType "swiss"]
[EventRounds "10"]
[EventCountry "DEN"]
[SourceDate "2004.01.01"]

1. d4 f5 2. g3 g6 3. Bg2 Nf6 4. Nh3 Bg7 5. c3 d6 6. Qb3 c6 7. Nd2 Qb6 8. Qa3
Qc7 9. Nc4 Be6 10. b3 h6 11. Nf4 Bf7 12. Nd3 Nbd7 13. Bf4 Bxc4 14. bxc4 g5 15.
Bc1 e5 16. Rb1 e4 17. Nb2 O-O 18. Nd1 Kh7 19. h4 Kg6 20. Bh3 Nh5 21. hxg5 hxg5
22. Bxf5+ Rxf5 23. g4 Rff8 24. Rxh5 Bh6 25. Ne3 Rf7 26. Nf5 Rxf5 27. Rxh6+ Kxh6
28. gxf5 b6 29. Be3 Rf8 30. Kd2 Rxf5 31. Qc1 Nf6 32. Qh1+ Kg6 33. Qh3 d5 34.
cxd5 cxd5 35. Rh1 Qg7 36. Qg3 Qf8 37. Rg1 Nh7 38. Kc2 Qa3 39. Ra1 Nf6 40. Bc1
Qa6 41. Kd1 Qa4+ 42. Ke1 Qc2 43. a4 Ng4 44. Bd2 e3 45. fxe3 Nf2 46. Qd6+ Rf6
47. Qxd5 Ne4 48. Qa2 Qxa2 49. Rxa2 g4 50. Kd1 g3 51. Kc2 g2 52. Ra1 Rf1 53. Bc1
g1=Q 54. c4 Kf5 55. Rb1 Nd6 56. c5 bxc5 57. dxc5 Nc4 58. c6 Ke6 59. e4 Na3+ 60.
Bxa3 Rxb1 0-1

[Event "16. Copenhagen Open"]
[Site "Copenhagen"]
[Date "1994.??.??"]
[Round "7"]
[White "Gasseholm, Finn"]
[Black "Mortensen, Henrik"]
[Result "1-0"]
[WhiteElo "2140"]
[BlackElo "2150"]
[PlyCount "99"]
[EventDate "1994.??.??"]
[EventType "swiss"]
[EventRounds "10"]
[EventCountry "DEN"]
[SourceDate "2004.01.01"]

1. Nf3 c5 2. g3 Nc6 3. Bg2 g6 4. O-O Bg7 5. c4 e5 6. Nc3 Nge7 7. d3 O-O 8. Rb1
d6 9. a3 a5 10. Bd2 h6 11. Ne1 Be6 12. Nc2 Rb8 13. Ne3 f5 14. Ned5 Kh7 15. Nxe7
Nxe7 16. Nd5 Bxd5 17. cxd5 b5 18. b4 cxb4 19. axb4 a4 20. Bc3 Qb6 21. Qd2 Rbc8
22. Rfc1 Rc7 23. Rc2 Rfc8 24. Rbc1 h5 25. Bb2 Bh6 26. Rxc7 Rxc7 27. e3 Bg7 28.
Rc2 Qb7 29. e4 Bh6 30. Qd1 Qc8 31. Rxc7 Qxc7 32. d4 Qc4 33. dxe5 Qxb4 34. exd6
Qxd6 35. e5 Qd8 36. d6 Ng8 37. e6 Bg7 38. Bxg7 Kxg7 39. Qd5 a3 40. e7 Nxe7 41.
Qe5+ Kf7 42. dxe7 Qxe7 43. Bd5+ Ke8 44. Qb8+ Qd8 45. Qxb5+ Kf8 46. Qc5+ Kg7 47.
Bb3 Qd7 48. Qxa3 Qc7 49. Qb2+ Kh7 50. Bd5 1-0